000 00416nam a22001457a 4500
005 20240807124134.0
008 240807b |||||||| |||| 00| 0 eng d
041 _aeng
082 _bRAT
100 _aRathi Shubhra-2K201131 & Prof. Ranjana Gogate - Guide
_9208050
245 _aAn Analytical Study of Investment Trends of Investors in India
260 _aPune
_bSPPU
_cMarch-2022
300 _a60p
942 _cPR
999 _c359273
_d359273